000 nam a22 7a 4500
999 _c29321
_d29321
008 171127b xxu||||| |||| 00| 0 eng d
020 _a9788177543315
050 _aSF 250.5 .S26 2008
100 _aSangwan, Kanwar.
_d2008
245 _aTechnology of Dairy Plant Operations /
_cSangwan, Kanwar.
250 _a1st ed.
260 _aIndia:
_bAgrobios,
_c2008.
300 _a509p.:
_bill.;
_c28cm.
650 _aDairy processing
942 _2lcc
_cBOOKS
_hSF 250.5 .S26 2008